03973nam a22003857a 4500003000900000005001700009008002400026020002400050020002500074040002200099082003100121100003100152245023500183260003800418300001700456490004000473500007200513500007400585500002200659504003000681505204700711590002602758650003202784651007602816651005302892651003502945700004602980710006103026910002203087942001203109952014803121952014803269952015303417999001703570DO-SdBNP20210909131021.02020 dr ||| 00| 0 spa d a9789945613629 (v.1) a9789945613636 (v.2) aBPMSUbspacBPMSU aR920..0729bB972d 20202221 aBurset Flores, Luis Rafael10aLa población del Caribe en el ocaso de la hegemonía española en la región 1590-1620 :bdiccionario biográfico de residentes en la cuenca del Caribe /cLuis Rafael Burset Flores ; presentación : Raymundo González 6  aSanto Domingo :bCorripio,c2020. av. ;c26 cm 0 aArchivo Genral de la Nación v397 aIncluye datos biográficos del autor en la solapa de la cubierta  aIncluye referencias bibliográficas y notas al pie de las páginas  aInclueye índice aBibliografía 479,520 p.0 av.1 : Presentación / Raymundo González, 9.-- Introducción, 13.-- Fuentes y metodología, 16.-- Las biografías, 18.-- Aportación historiográfica, 20.-- Abreviaturas utilizadas, 23.-- Sobre la nomenclatura de los nombres, 23.-- Cómo leer las notas al calce, 23.-- Diccionario biográfico. Caracas, 27.-- La población, 27.-- Lugares mencionados, 29.-- Etnias indígenas mencionadas, 29.-- Las biografías, 30.-- Cartagena de Indias, 89.-- La población, 89.-- Lugares mencionados, 91.-- Las biografías, 92.-- Cuba y La Florida, 197.-- La población, 197.-- Lugares mencionados, 199.-- Ingenios, 199.-- Las biografías, 200.-- Cumaná, 319.-- La población, 319.-- Lugares mencionados, 322.-- Etnias indígenas, 322.-- Las biografías, 323.-- Jamaica, 357.-- La población, 357.-- Lugares mencionados, 359.-- Las biografías, 360.-- La Española, 371.-- La población, 371.-- Lugares mencionados, 375.-- Hatos y hatillos mencionados, 375.-- Estancias e ingenios, 376.-- Establecimiento de palenques, 376.-- Las biografías, 377. v.2 : Introducción, 9.-- Fuentes y metodología, 12.-- Las biografías, 14.-- Aportación historiográfica, 16.-- Abreviaturas utilizadas, 19.-- Sobre la nomenclatura de los nombres, 19.-- Cómo leer las notas al calce, 19.-- Diccionario biográfico. La Margarita, 23.-- La población, 23.-- Lugares mencionados, 25.-- Las biografías, 26.-- Panamá. La población, 95.-- Lugares mencionados, 98.-- Etnias indígenas, 99.-- Pueblos de indios, 99.-- Pueblos de negros, 99.-- Las biografías, 100.-- Puerto Rico, 279.-- La población, 279.-- Lugares mencionados, 281.-- Las biografías, 282.-- Río de la Hacha, 381.-- La población, 381.-- Lugares mencionados, 383.-- Las biografías, 384.-- Santa Marta, 397.-- La población, 397.-- Lugares mencionados, 400.-- Etnias indígenas, 400.-- Las biografías, 401.-- Trinidad y Guayana, 439.-- La población, 439.-- Lugares mencionados, 441.-- Etnias indígenas, 441.-- Las biografías, 442.-- Bibliografía, 479. 6Inventariado, 2021/VM 4aBiografíasvDiccionarios. 4aCaribe (Región, República Dominicana)vBiografías vDiccionarios  4aCaribe (Región)xHistoria y1590-1620x 2 6  4aEspañaxHistoria y1590-16201 aGonzález, Raymundod1961-ePresentador 2 aArchivo General de la Nación (República Dominicana). aMcabrera /VMateo  2ddccBK 00102ddc40708CR-DaBPMETbBPMETd2021-09-07eAGNl0oBPMSU CDR R920.0729 B972d 2020pBPMSU21090053r2021-09-07tv.1w2021-09-07yBKzCompra 00102ddc40708CR-DaBPMETbBPMETd2021-09-07eAGNl0oBPMSU CDR R920.0729 B972d 2020pBPMSU21090054r2021-09-07tv.2w2021-09-07yBKzCompra 00102ddc40708CR-DaBPMETbBPMETd2021-09-07eAGNl0oBPMSU CDR R920.0729 B972d 2020pBPMSU24110032r2024-11-19tv.2, e.2w2021-09-07yBKzCompra c13619d13619